000 00393pab a2200169 454500
008 180718b2015 xxu||||| |||| 00| 0 eng d
100 _aDogra, Bharat
245 _aInjustice to Dalits and adivasis
260 _c2015
300 _ap.17-18.
362 _a11 Apr
650 _aDalits
650 _aIndigenous populations
650 _aBudgets
773 _aMainstream
909 _a107424
999 _c107419
_d107419